[Event "GER-ch Seniors 65 31st"]
[Site "Radebeul"]
[Date "2019.04.30"]
[Round "5"]
[White "Kahn, Peter"]
[Black "Schmidt, Hans Gerd"]
[Result "1-0"]
[WhiteElo "1994"]
[BlackElo "1850"]
[PlyCount "53"]
[EventDate "2019.04.26"]
[EventType "swiss"]
[EventRounds "9"]
[EventCountry "GER"]
[SourceTitle "CBM 190 Extra"]
[Source "ChessBase"]
[SourceDate "2019.07.15"]
[SourceVersion "1"]
[SourceVersionDate "2019.07.15"]
[SourceQuality "1"]

1. d4 Nf6 2. Nf3 g6 3. Bg5 Bg7 4. Nbd2 0-0 5. e4 d6 6. Bd3 Bg4 7. h3 Bxf3 8. Nxf3 Nbd7 9. Qd2 c5 10. d5 c4 11. Bxf6 Nxf6 12. Bxc4 Nxe4 13. Qe3 Qa5+ 14. Kf1 Nf6 15. Rd1 Rac8 16. Bb3 Rfe8 17. g3 Nd7 18. c3 Qb6 19. Nd4 Nc5 20. Kg2 Bxd4 21. Rxd4 Nxb3 22. axb3 Qxb3 23. Rhd1 Kg7 24. Rh4 h5 25. Rxh5 Qxd1 26. Qh6+ Kf6 27. Rf5+ 1-0

[Event "GER-ch Seniors 65 31st"]
[Site "Radebeul"]
[Date "2019.04.29"]
[Round "4"]
[White "Schmidt, Hans Gerd"]
[Black "Schleicher, Winfried"]
[Result "1-0"]
[WhiteElo "1850"]
[BlackElo "1352"]
[PlyCount "94"]
[EventDate "2019.04.26"]
[EventType "swiss"]
[EventRounds "9"]
[EventCountry "GER"]
[SourceTitle "CBM 190 Extra"]
[Source "ChessBase"]
[SourceDate "2019.07.15"]
[SourceVersion "1"]
[SourceVersionDate "2019.07.15"]
[SourceQuality "1"]

1. e4 e5 2. Nf3 d6 3. Bc4 g6 4. d4 Bg7 5. dxe5 Be6 6. Bxe6 fxe6 7. exd6 cxd6 8. 0-0 Ne7 9. c3 0-0 10. Qb3 Qd7 11. Be3 Kh8 12. Nd4 d5 13. Rd1 e5 14. Nf3 Nbc6 15. exd5 Na5 16. Qb4 Rxf3 17. gxf3 e4 18. Qxe4 Rf8 19. Qe6 Rd8 20. Qxd7 Rxd7 21. Na3 Nxd5 22. Bd4 Kg8 23. Bxg7 Kxg7 24. c4 Nf6 25. b4 Nc6 26. Nc2 Ne5 27. Rxd7+ Nfxd7 28. Rd1 Nxf3+ 29. Kf1 Nde5 30. Ne3 Nxh2+ 31. Kg2 Nhf3 32. c5 Nh4+ 33. Kg3 Nhf3 34. Ng4 h5 35. Nxe5 Nxe5 36. f4 Nc6 37. Rd7+ Kh6 38. Rxb7 Nd4 39. Rxa7 Nf5+ 40. Kh2 h4 41. Rf7 Ne3 42. c6 Ng4+ 43. Kh3 Nf2+ 44. Kxh4 Ne4 45. c7 Nd6 46. Rf8 Nf5+ 47. Rxf5 gxf5 1-0

[Event "WchT Seniors 50"]
[Site "Radebeul"]
[Date "2016.06.29"]
[Round "4.2"]
[White "Schmidt, Hans Gerd"]
[Black "Battsengel, Shirchin"]
[Result "0-1"]
[WhiteElo "1935"]
[BlackElo "1956"]
[PlyCount "36"]
[EventDate "2016.06.26"]
[EventType "team-swiss"]
[EventRounds "9"]
[EventCountry "GER"]
[SourceTitle "CBM 173 Extra"]
[Source "ChessBase"]
[SourceDate "2016.08.29"]
[SourceVersion "1"]
[SourceVersionDate "2016.08.29"]
[SourceQuality "1"]
[WhiteTeam "Coswig 1920"]
[BlackTeam "Mongolia (Women)"]
[WhiteTeamCountry "GER"]
[BlackTeamCountry "MGL"]

1. e4 c5 2. Nf3 Nc6 3. b3 e6 4. Bb2 Nf6 5. Nc3 a6 6. a4 Be7 7. Be2 0-0 8. 0-0 b6 9. e5 Ng4 10. Ne4 Qc7 11. Re1 Ngxe5 12. Nxe5 Nxe5 13. Bxe5 Qxe5 14. Bf3 Rb8 15. Ng3 Qc7 16. Qe2 d5 17. Rad1 Bd6 18. h4 Bxg3 0-1

[Event "WchT Seniors 50"]
[Site "Radebeul"]
[Date "2016.06.28"]
[Round "3.2"]
[White "Mortensen, John"]
[Black "Schmidt, Hans Gerd"]
[Result "1/2-1/2"]
[WhiteElo "2077"]
[BlackElo "1935"]
[PlyCount "76"]
[EventDate "2016.06.26"]
[EventType "team-swiss"]
[EventRounds "9"]
[EventCountry "GER"]
[SourceTitle "CBM 173 Extra"]
[Source "ChessBase"]
[SourceDate "2016.08.29"]
[SourceVersion "1"]
[SourceVersionDate "2016.08.29"]
[SourceQuality "1"]
[WhiteTeam "Copenhagen 68"]
[BlackTeam "Coswig 1920"]
[WhiteTeamCountry "DEN"]
[BlackTeamCountry "GER"]

1. e4 e6 2. d4 d5 3. Nd2 Nf6 4. e5 Nfd7 5. Bd3 c5 6. c3 Nc6 7. Ne2 f6 8. exf6 Nxf6 9. Nf3 Bd6 10. 0-0 0-0 11. Bf4 cxd4 12. cxd4 Ng4 13. Bg3 Kh8 14. h3 Nh6 15. Bb5 Nf5 16. Bxd6 Nxd6 17. Bxc6 bxc6 18. Nc3 Qb6 19. Na4 Qb4 20. Rc1 Ne4 21. Ne5 Ba6 22. a3 Qe7 23. Qh5 Kg8 24. Rfe1 Rf5 25. Nxc6 Qf6 26. Qd1 Nxf2 27. Qd2 Nd3 28. Nc5 Nxe1 29. Rxe1 Rf1+ 30. Kh2 Rxe1 31. Qxe1 Bb5 32. Ne5 Qf4+ 33. Kh1 Qf6 34. a4 Be8 35. Qg3 Bg6 36. Kh2 Be4 37. b4 Qh6 38. b5 Qf6 1/2-1/2

[Event "WchT Seniors 50"]
[Site "Radebeul"]
[Date "2016.06.26"]
[Round "1.2"]
[White "Pruefer, Friedbert"]
[Black "Schmidt, Hans Gerd"]
[Result "1-0"]
[WhiteElo "2165"]
[BlackElo "1935"]
[PlyCount "45"]
[EventDate "2016.06.26"]
[EventType "team-swiss"]
[EventRounds "9"]
[EventCountry "GER"]
[SourceTitle "CBM 173 Extra"]
[Source "ChessBase"]
[SourceDate "2016.08.29"]
[SourceVersion "1"]
[SourceVersionDate "2016.08.29"]
[SourceQuality "1"]
[WhiteTeam "Leipzig 50+"]
[BlackTeam "Coswig 1920"]
[WhiteTeamCountry "GER"]
[BlackTeamCountry "GER"]

1. d4 Nf6 2. c4 g6 3. Nc3 Bg7 4. e4 d6 5. f4 0-0 6. Nf3 c5 7. Be2 cxd4 8. Nxd4 Nc6 9. Be3 a6 10. 0-0 Bd7 11. Rc1 Ng4 12. Bxg4 Bxg4 13. Nxc6 Qd7 14. Nxe7+ Kh8 15. Qd3 Qxe7 16. Nd5 Qd8 17. Bb6 Qd7 18. Bd4 Qd8 19. Bxg7+ Kxg7 20. Qd4+ f6 21. h3 Be6 22. Nb6 Rb8 23. Rfd1 1-0

[Event "Dresden ZMDI Blitz"]
[Site "Dresden"]
[Date "2011.08.09"]
[Round "4"]
[White "Hansch, Klaus Michael"]
[Black "Schmidt, Hans Gerd"]
[Result "0-1"]
[WhiteElo "1884"]
[BlackElo "1999"]
[PlyCount "50"]
[EventDate "2011.08.06"]
[EventType "swiss (blitz)"]
[EventRounds "9"]
[EventCountry "GER"]
[SourceTitle "EXT 2022"]
[Source "ChessBase"]
[SourceDate "2021.10.06"]
[SourceVersion "1"]
[SourceVersionDate "2021.10.06"]
[SourceQuality "1"]

1. c4 Nf6 2. g3 g6 3. Bg2 Bg7 4. Nc3 0-0 5. Nf3 d6 6. 0-0 e5 7. d4 Nc6 8. Bg5 h6 9. dxe5 hxg5 10. exf6 Bxf6 11. Nd2 Bxc3 12. bxc3 Bd7 13. Nb3 Qe7 14. e3 Kg7 15. c5 Rh8 16. cxd6 cxd6 17. Nd4 Rac8 18. Nxc6 bxc6 19. Qd4+ Qf6 20. Rad1 Qxd4 21. Rxd4 d5 22. c4 Be6 23. cxd5 cxd5 24. Bxd5 Bh3 25. Rfd1 Bf5 0-1

[Event "Dresden ZMD op"]
[Site "Dresden"]
[Date "2010.07.18"]
[Round "9"]
[White "Kuehnast, Volker"]
[Black "Schmidt, Hans Gerd"]
[Result "1/2-1/2"]
[WhiteElo "1894"]
[BlackElo "2006"]
[PlyCount "110"]
[EventDate "2010.07.10"]
[EventType "swiss"]
[EventRounds "9"]
[EventCountry "GER"]
[SourceTitle "CBM 137 Extra"]
[Source "ChessBase"]
[SourceDate "2010.09.01"]
[SourceVersion "1"]
[SourceVersionDate "2010.09.01"]
[SourceQuality "1"]

1. e4 e6 2. d3 d5 3. Nd2 c5 4. Ngf3 Nf6 5. g3 b6 6. c3 Ba6 7. c4 Bb7 8. exd5 exd5 9. Qe2+ Be7 10. Bg2 0-0 11. 0-0 Re8 12. Qd1 Nc6 13. Re1 Qd7 14. Nf1 Rad8 15. Bd2 Qf5 16. Ne3 Qxd3 17. cxd5 Nxd5 18. Qa4 Nf6 19. Rad1 Qa6 20. Qxa6 Bxa6 21. Nf5 Bc8 22. Nxe7+ Rxe7 23. Bg5 Rxe1+ 24. Rxe1 Be6 25. a3 h6 26. Bc1 Kf8 27. h3 Nd4 28. Nxd4 cxd4 29. Bd2 Bb3 30. f4 a5 31. Rc1 Bd5 32. Bf1 Ne4 33. Be1 Bb3 34. Rc6 Rd6 35. Rc8+ Ke7 36. Rc7+ Ke6 37. g4 d3 38. f5+ Kf6 39. Bh4+ g5 40. fxg6+ Kxg6 41. Bg2 Nc5 42. Be1 Be6 43. Bd2 f5 44. gxf5+ Kxf5 45. Kf2 Nb3 46. Ke1 Nxd2 47. Kxd2 Kf4 48. Bf1 Kg3 49. Re7 h5 50. b4 axb4 51. axb4 Kf2 52. Bxd3 Bc4 53. Re2+ Kg3 54. Re3+ Kg2 55. Re2+ Kxh3 1/2-1/2

[Event "Dresden ZMD op"]
[Site "Dresden"]
[Date "2009.07.30"]
[Round "6"]
[White "Schmidt, Hans Gerd"]
[Black "Meertens, Martin"]
[Result "0-1"]
[WhiteElo "2010"]
[BlackElo "2146"]
[PlyCount "112"]
[EventDate "2009.07.25"]
[EventType "swiss"]
[EventRounds "9"]
[EventCountry "GER"]
[SourceTitle "CBM 131 Extra"]
[Source "ChessBase"]
[SourceDate "2009.09.03"]
[SourceVersion "2"]
[SourceVersionDate "2009.09.16"]
[SourceQuality "1"]

1. e4 e5 2. Nf3 Nc6 3. Bb5 a6 4. Ba4 Nf6 5. 0-0 Be7 6. Re1 b5 7. Bb3 0-0 8. a4 Bb7 9. c3 d6 10. d3 Na5 11. Bc2 c5 12. Nbd2 Re8 13. Nf1 Nc6 14. Ng3 h6 15. Nf5 Bf8 16. Be3 Ng4 17. Bd2 g6 18. Ng3 c4 19. dxc4 bxc4 20. Qe2 Na5 21. Rad1 Qb6 22. Bc1 Bc6 23. Nd2 h5 24. h3 Nf6 25. Nxc4 Nxc4 26. Qxc4 Rec8 27. Qe2 a5 28. Rd3 Qb7 29. Rf3 Ne8 30. Rd1 Ng7 31. b3 Ne6 32. Be3 h4 33. Nf5 gxf5 34. Rxf5 Ng7 35. Rg5 Bxe4 36. Rg4 Bxc2 37. Qxc2 e4 38. Bd4 f5 39. Rxh4 d5 40. Rh6 Rc6 41. Rxc6 Qxc6 42. Qd2 Ne6 43. Be5 Rd8 44. Qe3 Bg7 45. Qg3 Kf7 46. h4 Bh6 47. Qh3 Ng7 48. Bxg7 Bxg7 49. Qxf5+ Bf6 50. g4 Qe6 51. Qf4 Qe5 52. Qe3 Bxh4 53. f4 Qe6 54. f5 Qe5 55. Kg2 Rg8 56. Qh3 Qf4 0-1

[Event "Oberliga Ost-A 0102"]
[Site "Germany"]
[Date "2002.04.13"]
[Round "10.1"]
[White "Schmidt, Hans Gerd"]
[Black "Eskandary, Jahja"]
[Result "1/2-1/2"]
[WhiteElo "2102"]
[BlackElo "2132"]
[PlyCount "107"]
[EventDate "2001.10.07"]
[EventType "team"]
[EventRounds "11"]
[EventCountry "GER"]
[SourceTitle "EXT 2003"]
[Source "ChessBase"]
[SourceDate "2002.11.25"]
[SourceVersion "1"]
[SourceVersionDate "2002.11.25"]
[SourceQuality "1"]
[WhiteTeam "Coswig"]
[BlackTeam "Dresden BSW"]
[WhiteTeamCountry "GER"]
[BlackTeamCountry "GER"]

1. e4 e5 2. Nf3 Nc6 3. Bb5 a6 4. Ba4 d6 5. Bxc6+ bxc6 6. d4 f6 7. c4 Ne7 8. Qa4 Bd7 9. c5 Ng6 10. Be3 Be7 11. Qc4 exd4 12. Bxd4 Nf4 13. 0-0 Be6 14. Qc2 d5 15. Re1 0-0 16. Nc3 Bg4 17. Be3 Nh3+ 18. Kh1 Bxf3 19. gxf3 d4 20. Rad1 Bxc5 21. Ne2 Bd6 22. Nxd4 Qe8 23. Nf5 Qh5 24. Qe2 Ng5 25. Ng3 Qxf3+ 26. Qxf3 Nxf3 27. Re2 Rfe8 28. Rc2 Ne5 29. Bf4 Re6 30. Nf5 Rb8 31. b3 c5 32. Kg2 Nf7 33. Be3 Rxe4 34. Bxc5 Bxc5 35. Rxc5 Rc8 36. Rd7 Re5 37. Rcxc7 Rxc7 38. Rxc7 Rxf5 39. Rc8+ Nd8 40. Rxd8+ Kf7 41. Rd6 Rg5+ 42. Kf1 Ra5 43. Rd2 Rb5 44. Rd3 a5 45. Ke2 g5 46. Rd4 h5 47. h3 Ke6 48. Kd3 Ke5 49. Re4+ Kf5 50. Rd4 g4 51. hxg4+ hxg4 52. Kc3 Re5 53. a3 Kg5 54. b4 1/2-1/2

[Event "Oberliga Ost-A 0102"]
[Site "Germany"]
[Date "2001.11.10"]
[Round "2.1"]
[White "Kastner, Peter"]
[Black "Schmidt, Hans Gerd"]
[Result "1/2-1/2"]
[WhiteElo "2180"]
[BlackElo "2102"]
[PlyCount "29"]
[EventDate "2001.10.07"]
[EventType "team"]
[EventRounds "11"]
[EventCountry "GER"]
[SourceTitle "EXT 2003"]
[Source "ChessBase"]
[SourceDate "2002.11.25"]
[SourceVersion "1"]
[SourceVersionDate "2002.11.25"]
[SourceQuality "1"]
[WhiteTeam "Liebschwitz"]
[BlackTeam "Coswig"]
[WhiteTeamCountry "GER"]
[BlackTeamCountry "GER"]

1. e4 e6 2. d4 d5 3. Nd2 Nc6 4. Ngf3 Nf6 5. e5 Nd7 6. c3 f6 7. exf6 Nxf6 8. Bd3 Bd6 9. 0-0 0-0 10. Nb3 e5 11. dxe5 Nxe5 12. Nxe5 Bxe5 13. Bg5 c6 14. Qd2 Bc7 15. Bh4 1/2-1/2

[Event "Oberliga Ost-A 0102"]
[Site "Germany"]
[Date "2001.10.07"]
[Round "1.1"]
[White "Schmidt, Hans Gerd"]
[Black "Haensel, Thomas"]
[Result "0-1"]
[WhiteElo "2102"]
[BlackElo "2263"]
[PlyCount "36"]
[EventDate "2001.10.07"]
[EventType "team"]
[EventRounds "11"]
[EventCountry "GER"]
[SourceTitle "EXT 2003"]
[Source "ChessBase"]
[SourceDate "2002.11.25"]
[SourceVersion "1"]
[SourceVersionDate "2002.11.25"]
[SourceQuality "1"]
[WhiteTeam "Coswig"]
[BlackTeam "Erfurt Empor"]
[WhiteTeamCountry "GER"]
[BlackTeamCountry "GER"]

1. e4 c5 2. Nf3 d6 3. d4 cxd4 4. Nxd4 Nf6 5. Nc3 a6 6. Be2 e5 7. Nb3 Be6 8. a4 Be7 9. Be3 Nbd7 10. 0-0 Rc8 11. a5 Rxc3 12. bxc3 Nxe4 13. Bd3 Nxc3 14. Qe1 Qc7 15. Nc5 Nxc5 16. Qxc3 d5 17. Bxc5 Bxc5 18. Rab1 Bxf2+ 0-1

[Event "Oberliga Ost-A 0001"]
[Site "Germany"]
[Date "2001.02.18"]
[Round "7.1"]
[White "Matthey, Harald"]
[Black "Schmidt, Hans Gerd"]
[Result "1-0"]
[WhiteElo "2249"]
[BlackElo "2129"]
[PlyCount "47"]
[EventDate "2000.10.15"]
[EventType "team"]
[EventRounds "11"]
[EventCountry "GER"]
[SourceTitle "EXT 2002"]
[Source "ChessBase"]
[SourceDate "2001.11.25"]
[SourceVersion "1"]
[SourceVersionDate "2001.11.25"]
[SourceQuality "1"]
[WhiteTeam "Anhalt"]
[BlackTeam "TuS Coswig"]
[WhiteTeamCountry "GER"]
[BlackTeamCountry "GER"]

1. Nf3 Nf6 2. c4 g6 3. Nc3 Bg7 4. d4 0-0 5. e4 d6 6. h3 c5 7. dxc5 Qa5 8. Bd3 Qxc5 9. Be3 Qa5 10. 0-0 Nc6 11. Qd2 Bd7 12. Rab1 Rac8 13. Rfc1 Rfd8 14. Be2 Ne5 15. Nxe5 dxe5 16. b4 Qc7 17. Qb2 a6 18. a4 Bc6 19. b5 Bxe4 20. Nxe4 Nxe4 21. bxa6 bxa6 22. Bb6 Qc6 23. Bxd8 Rxd8 24. Bf3 1-0

[Event "Oberliga Ost-A 0001"]
[Site "Germany"]
[Date "2000.12.10"]
[Round "4.1"]
[White "Schmidt, Hans Gerd"]
[Black "Peters, Andreas"]
[Result "0-1"]
[WhiteElo "2129"]
[BlackElo "2341"]
[PlyCount "44"]
[EventDate "2000.10.15"]
[EventType "team"]
[EventRounds "11"]
[EventCountry "GER"]
[SourceTitle "EXT 2002"]
[Source "ChessBase"]
[SourceDate "2001.11.25"]
[SourceVersion "1"]
[SourceVersionDate "2001.11.25"]
[SourceQuality "1"]
[WhiteTeam "TuS Coswig"]
[BlackTeam "Leipzig Gohlis III"]
[WhiteTeamCountry "GER"]
[BlackTeamCountry "GER"]

1. e4 e6 2. d4 d5 3. Nd2 Nf6 4. e5 Nfd7 5. Bd3 c5 6. c3 Nc6 7. Ne2 cxd4 8. cxd4 f6 9. exf6 Nxf6 10. 0-0 Bd6 11. Nf3 Qc7 12. Bg5 0-0 13. Bh4 g6 14. Bg3 Nh5 15. Bxd6 Qxd6 16. Qd2 Bd7 17. Rae1 Nf4 18. Bb1 Qb4 19. Qe3 Nxe2+ 20. Rxe2 Rxf3 21. gxf3 Nxd4 22. Rd2 Qxd2 0-1

[Event "Oberliga Ost-A 0001"]
[Site "Germany"]
[Date "2000.11.12"]
[Round "3.1"]
[White "Mueller, Michael"]
[Black "Schmidt, Hans Gerd"]
[Result "1-0"]
[WhiteElo "2241"]
[BlackElo "2129"]
[PlyCount "73"]
[EventDate "2000.10.15"]
[EventType "team"]
[EventRounds "11"]
[EventCountry "GER"]
[SourceTitle "EXT 2002"]
[Source "ChessBase"]
[SourceDate "2001.11.25"]
[SourceVersion "1"]
[SourceVersionDate "2001.11.25"]
[SourceQuality "1"]
[WhiteTeam "Dresden BSW"]
[BlackTeam "TuS Coswig"]
[WhiteTeamCountry "GER"]
[BlackTeamCountry "GER"]

1. d4 Nf6 2. Nf3 g6 3. Bf4 Bg7 4. e3 0-0 5. h3 c5 6. c3 d6 7. Be2 Nbd7 8. Bh2 a6 9. a4 b6 10. 0-0 Bb7 11. Nbd2 Bc6 12. c4 Re8 13. d5 Bb7 14. e4 Nf8 15. Re1 e5 16. Bf1 h6 17. Re3 N6h7 18. Qc2 Bc8 19. Bd3 Ng5 20. Ne1 Ra7 21. Rb1 a5 22. Nf1 f5 23. exf5 e4 24. Be2 Bxf5 25. g4 Bc8 26. h4 Nf7 27. Ng2 Rae7 28. Nd2 Bd4 29. Rxe4 Rxe4 30. Nxe4 Qe7 31. Ng3 Ne5 32. Re1 Qf7 33. Ne4 Nh7 34. Bg3 Nf3+ 35. Bxf3 Qxf3 36. Nf6+ Nxf6 37. Qxg6+ 1-0

[Event "Oberliga Ost-A 0001"]
[Site "Germany"]
[Date "2000.11.11"]
[Round "2.1"]
[White "Schmidt, Hans Gerd"]
[Black "Karius, Thomas"]
[Result "1/2-1/2"]
[WhiteElo "2129"]
[BlackElo "2231"]
[PlyCount "40"]
[EventDate "2000.10.15"]
[EventType "team"]
[EventRounds "11"]
[EventCountry "GER"]
[SourceTitle "EXT 2002"]
[Source "ChessBase"]
[SourceDate "2001.11.25"]
[SourceVersion "1"]
[SourceVersionDate "2001.11.25"]
[SourceQuality "1"]
[WhiteTeam "TuS Coswig"]
[BlackTeam "Dresden II"]
[WhiteTeamCountry "GER"]
[BlackTeamCountry "GER"]

1. e4 e5 2. Nf3 Nc6 3. Bb5 a6 4. Ba4 Nf6 5. 0-0 b5 6. Bb3 Bc5 7. Nxe5 Nxe5 8. d4 Bxd4 9. Qxd4 d6 10. c3 Bb7 11. f3 0-0 12. Bg5 h6 13. Bh4 c5 14. Qe3 Ng6 15. Bg3 Qe7 16. Re1 Rfe8 17. Nd2 Rad8 18. Nf1 d5 19. exd5 Qxe3+ 20. Nxe3 Nxd5 1/2-1/2

[Event "Oberliga Ost-A 9900"]
[Site "Germany"]
[Date "1999.12.12"]
[Round "4.1"]
[White "Schmidt, Hans Gerd"]
[Black "Koopmann, Rolf"]
[Result "1/2-1/2"]
[WhiteElo "2099"]
[BlackElo "2244"]
[PlyCount "23"]
[EventDate "1999.10.??"]
[EventType "team"]
[EventRounds "11"]
[EventCountry "GER"]
[SourceTitle "EXT 2002"]
[Source "ChessBase"]
[SourceDate "2001.11.25"]
[SourceVersion "1"]
[SourceVersionDate "2001.11.25"]
[SourceQuality "1"]

1. e4 Nf6 2. e5 Nd5 3. d4 d6 4. Nf3 dxe5 5. Nxe5 g6 6. Bc4 Be6 7. 0-0 Nd7 8. Nd2 Nxe5 9. dxe5 c6 10. Nf3 Nc7 11. Bd3 Bg7 12. Qe2 1/2-1/2

[Event "Oberliga Ost-A 9900"]
[Site "Germany"]
[Date "1999.10.10"]
[Round "1.1"]
[White "Kottwitz, Daniel"]
[Black "Schmidt, Hans Gerd"]
[Result "1/2-1/2"]
[WhiteElo "2066"]
[BlackElo "2099"]
[PlyCount "20"]
[EventDate "1999.10.??"]
[EventType "team"]
[EventRounds "11"]
[EventCountry "GER"]
[SourceTitle "EXT 2002"]
[Source "ChessBase"]
[SourceDate "2001.11.25"]
[SourceVersion "1"]
[SourceVersionDate "2001.11.25"]
[SourceQuality "1"]

1. e4 e6 2. d4 d5 3. exd5 exd5 4. Bd3 Bd6 5. Ne2 Ne7 6. Nbc3 c6 7. Bg5 Qc7 8. Qd2 Bg4 9. Bf4 Bf5 10. Bxd6 Qxd6 1/2-1/2